تفسير القرآن الجليل : (رقم التسجيلة. 179915)

تفاصيل مارك
000 -LEADER
fixed length control field 01466namaa22003371i 4500
003 - CONTROL NUMBER IDENTIFIER
control field EG-GICUC
005 - DATE AND TIME OF LATEST TRANSACTION
control field 20260504121134.0
008 - FIXED-LENGTH DATA ELEMENTS--GENERAL INFORMATION
fixed length control field 260503s2010 ua ||||jr|||| 000 0 ara d
017 ## - COPYRIGHT OR LEGAL DEPOSIT NUMBER
Copyright or legal deposit number 2010 / 15263
Assigning agency دار الكتب والوثائق القومية (مصر)
020 ## - INTERNATIONAL STANDARD BOOK NUMBER
International Standard Book Number 9789777042024
040 ## - CATALOGING SOURCE
Original cataloging agency EG-GiCUC
Language of cataloging ara
Transcribing agency EG-GiCUC
Modifying agency EG-GiCUC
Description conventions rda
043 ## - GEOGRAPHIC AREA CODE
Geographic area code f----ua
082 04 - DEWEY DECIMAL CLASSIFICATION NUMBER
Edition number 21
Classification number 227
Item number N242taf
092 04 - LOCALLY ASSIGNED DEWEY CALL NUMBER (OCLC)
Edition number 21
Classification number 227
Item number N242taf
099 ## - LOCAL FREE-TEXT CALL NUMBER (OCLC)
Classification number 227 N242taf
100 1# - MAIN ENTRY--PERSONAL NAME
Personal name النسفى، أبى البركات عبد الله بن أحمد بن محمود
Relator term مؤلف.
245 10 - TITLE STATEMENT
Title تفسير القرآن الجليل :
Remainder of title المسمى بمدارك التنزيل وحقائق التأويل /
Statement of responsibility, etc. تأليف الامام الجليل العلامة أبى البركات عبد الله بن أحمد بن محمود النسفى
264 ## - PRODUCTION, PUBLICATION, DISTRIBUTION, MANUFACTURE, AND COPYRIGHT NOTICE
Place of production, publication, distribution, manufacture القاهرة (مصر) :
Name of producer, publisher, distributor, manufacturer الهيئة العامة لقصور الثقافة،
Date of production, publication, distribution, manufacture, or copyright notice 2010.
300 ## - PHYSICAL DESCRIPTION
Extent مجلدات 3
Other physical details ؛
Dimensions 24 سم
336 ## - CONTENT TYPE
Source rdacontent
Content type term text
337 ## - MEDIA TYPE
Source rdamedia
Media type term Unmediated
338 ## - CARRIER TYPE
Source rdacarrier
Carrier type term volume
490 ## - SERIES STATEMENT
Series statement سبلسلة الذخائر ؛
Volume/sequential designation 198 (v.1)
-- 199 (v.2)
-- 200 (v.3)
504 ## - BIBLIOGRAPHY, ETC. NOTE
Bibliography, etc. note يشتمل على ارجاعات ببليوجرافية.
541 ## - IMMEDIATE SOURCE OF ACQUISITION NOTE
Source of acquisition د. جابر عصفور ؛
Address القاهرة ؛
Method of acquisition إهداء ؛
Date of acquisition 2024.
630 ## - SUBJECT ADDED ENTRY--UNIFORM TITLE
Uniform title القرآن الكريم
General subdivision تفسير
650 1# - SUBJECT ADDED ENTRY--TOPICAL TERM
Source of heading or term qrmak
651 1# - SUBJECT ADDED ENTRY--GEOGRAPHIC NAME
Source of heading or term qrmak
905 ## - Cataloger and Reviser Names
Cataloger Name Nermeen_El Mawardy
942 ## - ADDED ENTRY ELEMENTS (KOHA)
Source of classification or shelving scheme Dewey Decimal Classification
Koha item type Books
Edition 21
Suppress in OPAC No
المقتنيات
Withdrawn status Lost status Source of classification or shelving scheme Damaged status Not for loan Home library Current library Date acquired Inventory number Total checkouts Full call number Barcode Date last seen Price effective from Koha item type
    Dewey Decimal Classification   Not for loan المكتبة المركزبة الجديدة - جامعة القاهرة قاعة المكتبات المهداة - الدور الرابع 03.05.2026 175387   227 N242taf v.1 J.U. 01000100175387001 03.05.2026 03.05.2026 Books
    Dewey Decimal Classification   Not for loan المكتبة المركزبة الجديدة - جامعة القاهرة قاعة المكتبات المهداة - الدور الرابع 03.05.2026 175387   227 N242taf v.2 J.U. 01000100175387002 03.05.2026 03.05.2026 Books
    Dewey Decimal Classification   Not for loan المكتبة المركزبة الجديدة - جامعة القاهرة قاعة المكتبات المهداة - الدور الرابع 03.05.2026 175387   227 N242taf v.3 J.U. 01000100175387003 03.05.2026 03.05.2026 Books
Cairo University Libraries Portal Implemented & Customized by: Eng. M. Mohamady Contacts: new-lib@cl.cu.edu.eg | cnul@cl.cu.edu.eg
CUCL logo CNUL logo
© All rights reserved — Cairo University Libraries
CUCL logo
Implemented & Customized by: Eng. M. Mohamady Contact: new-lib@cl.cu.edu.eg © All rights reserved — New Central Library
CNUL logo
Implemented & Customized by: Eng. M. Mohamady Contact: cnul@cl.cu.edu.eg © All rights reserved — Cairo National University Library